| 000 | 00478cam a2200193ua 4500 | ||
|---|---|---|---|
| 003 | OSt | ||
| 008 | 250619b |||||||| |||| 00| 0 eng d | ||
| 020 | _a81-85240-34-5 | ||
| 041 | _aeng | ||
| 082 |
_a624.1821 _bARY/DE |
||
| 100 |
_aArya, Anand.S . _97593 |
||
| 245 | _aDesign of steel structures / | ||
| 250 | _a4 / | ||
| 260 |
_aRoorkee : _bNew Chand and Brose , _c1994. |
||
| 300 | _a947 ; . | ||
| 500 | _a19001-02*CSS | ||
| 700 | 1 |
_aAjmani, J.L . _97594 |
|
| 942 | _cBK | ||
| 999 |
_c1931 _d1931 |
||